Systems analysis and design for the global enterprise/ (Record no. 5207)

MARC details
000 -LEADER
fixed length control field 00881nac a22002531u 4500
020 ## - INTERNATIONAL STANDARD BOOK NUMBER
International Standard Book Number 0071107665
082 ## - DEWEY DECIMAL CLASSIFICATION NUMBER
Classification number 004.21
Item number BEN
090 ## - LOCALLY ASSIGNED LC-TYPE CALL NUMBER (OCLC); LOCAL CALL NUMBER (OCLC)
-- 5207
-- 5207
100 ## - MAIN ENTRY--PERSONAL NAME
Personal name bentley, lonnie d .
245 ## - TITLE STATEMENT
Title Systems analysis and design for the global enterprise/
Statement of responsibility, etc Lonnie D. Bentley, Jeffrey L. Whitten with contributions by Gary Randolph
250 ## - EDITION STATEMENT
Edition statement 7th ed.
260 ## - PUBLICATION, DISTRIBUTION, ETC. (IMPRINT)
Place of publication, distribution, etc Boston:
Name of publisher, distributor, etc McGraw-hill,2007
Date of publication, distribution, etc 2007
300 ## - PHYSICAL DESCRIPTION
Extent 747 p.:
Other physical details ill.;
Dimensions 25 cm.
500 ## - GENERAL NOTE
General note Includes index
500 ## - GENERAL NOTE
General note distributer: Al-Ahram
511 ## - PARTICIPANT OR PERFORMER NOTE
Participant or performer note catalogued by: wessam
650 ## - SUBJECT ADDED ENTRY--TOPICAL TERM
Topical term or geographic name as entry element System analysis
650 ## - SUBJECT ADDED ENTRY--TOPICAL TERM
Topical term or geographic name as entry element System design
650 ## - SUBJECT ADDED ENTRY--TOPICAL TERM
Topical term or geographic name as entry element International trade
700 ## - ADDED ENTRY--PERSONAL NAME
Personal name Whitten, Jeffrey L.
700 ## - ADDED ENTRY--PERSONAL NAME
Personal name Randolph, Gary
942 ## - ADDED ENTRY ELEMENTS (KOHA)
Item type Book - Borrowing
Call number prefix 004.21BEN
Holdings
Withdrawn status Item status Damaged status Not for loan Home library Current library Shelving location Date acquired Source of acquisition Total Checkouts Total Renewals Full call number Barcode Date last seen Date last borrowed Koha item type
        Central Library Central Library Lower Floor 21/10/2007 Purchase 6 36 004.21BEN 000006363 15/07/2025 10/11/2015 Book - Borrowing